[Event "Mare di Fano op 1st"]
[Site "Fano"]
[Date "2012.08.03"]
[Round "6"]
[White "Rubini, Alessandro"]
[Black "Mazzarini, Daniele"]
[Result "1-0"]
[WhiteElo "1917"]
[BlackElo "1905"]
[PlyCount "51"]
[EventDate "2012.07.30"]
[EventType "swiss"]
[EventRounds "9"]
[EventCountry "ITA"]
[SourceTitle "EXT 2015"]
[Source "ChessBase"]
[SourceDate "2014.11.20"]
[SourceVersion "1"]
[SourceVersionDate "2014.11.20"]
[SourceQuality "1"]

1. e4 c6 2. Nf3 d5 3. Nc3 dxe4 4. Nxe4 Nf6 5. Nxf6+ gxf6 6. g3 Bg4 7. Bg2 Nd7 8. h3 Bh5 9. g4 Bg6 10. Nh4 h5 11. Nxg6 fxg6 12. Be4 Kf7 13. gxh5 Rxh5 14. d4 f5 15. Bf3 Rh8 16. Bf4 Bh6 17. Qd2 Bxf4 18. Qxf4 e5 19. Qe3 Qb6 20. 0-0-0 e4 21. Be2 Nf6 22. Qg5 Rhg8 23. h4 Qd8 24. h5 Nxh5 25. Bc4+ Kf8 26. Rxh5 1-0

[Event "Porto San Giorgio op 23rd"]
[Site "Porto San Giorgio"]
[Date "2011.08.23"]
[Round "3"]
[White "Giobbi, Costantino"]
[Black "Mazzarini, Daniele"]
[Result "1-0"]
[WhiteElo "1878"]
[BlackElo "1813"]
[PlyCount "53"]
[EventDate "2011.08.21"]
[EventType "swiss"]
[EventRounds "9"]
[EventCountry "ITA"]
[SourceTitle "CBM 144 Extra"]
[Source "ChessBase"]
[SourceDate "2011.10.28"]
[SourceVersion "1"]
[SourceVersionDate "2011.10.28"]
[SourceQuality "1"]

1. e4 c6 2. d4 d5 3. Nc3 dxe4 4. Nxe4 Nd7 5. Nf3 Ngf6 6. Ng3 e6 7. Bd3 Bd6 8. 0-0 0-0 9. Re1 c5 10. c3 b6 11. Qe2 Bb7 12. dxc5 Nxc5 13. Bc2 Ba6 14. c4 Qc7 15. b3 Bf4 16. Bb2 Ncd7 17. Ne4 Qd8 18. Rad1 Qe7 19. Nd4 e5 20. Nc6 Qe6 21. Rd6 Qe8 22. Nxf6+ Nxf6 23. Rxf6 Bb7 24. Qe4 g6 25. Qf3 Kg7 26. Rd6 Rc8 27. Qxf4 1-0